00559nam a22001817a 4500003001200000005001700012008004100029020000600070040001200076082001200088100003200100245003900132260003900171650003000210942001200240999001700252952010800269NUST - PNEC20170116181156.0160112b xxu||||| |||| 00| 0 eng d a- cLIBRARY a920 MOH 915928aMohammad Shafi Malik aYaad-e-ayyamcMohammad Shafi Malik aLahore:bShirkat Printers;cc1998. 915930aBiographyxGeneral 2ddccBK c71209d71209 00102ddc4070aPNECbPNECcWING-Bd0000-00-00l0o920 MOHpPNECLIB-021033r2016-01-12w0000-00-00yBK